| 000 | 00725nam a2200241 a 4500 | ||
|---|---|---|---|
| 001 | BRCA_5593 | ||
| 005 | 20190320205138.0 | ||
| 008 | 210211s1947----fr-a######---#000-0#fre-# | ||
| 041 | _afre | ||
| 044 | _afr | ||
| 050 | 4 |
_aN6920 _b.A78 1947 |
|
| 245 | 1 | 0 | _aL´Art Roman Du Roussillon Le Point Revue Artistique. |
| 260 |
_aSouillac _c1947 |
||
| 300 |
_a80 p. _bil. _c24 cm. |
||
| 440 | 0 |
_aL´art Roman Du Roussillon Le Point Revue artistique _v34 _914258 |
|
| 500 | _aRevista inventariada por Banco de México como libro | ||
| 500 | _aF70 | ||
| 650 | 1 | 4 |
_aGalerías y museos _vPublicación periódica _914259 |
| 650 | 1 | 4 |
_aPintura romana _zFrancia _914260 |
| 651 | 4 |
_aRoma _xArte _914261 |
|
| 902 | _aGFM | ||
| 942 |
_2lcc _cB |
||
| 999 |
_c5287 _d5287 |
||